1028 1586 1528 1266 1122 1533 1951 1889 1339 1383 1354 1278 1195 1482 1592 1573 1324 1868 1922 1631 1121 1979 1353 1595 1120 1786 1379 1599 1880 1187 1899 1091 1920 1074 1092 1885 1869 1287 1730 1915 1861 1325 1764 1815 1005 1114 1762 1126 1164 1522 1906 1472 1269 1997 1641 1851 1611 1742 1100 1017 1558 1009 1338 1000 1335 1760 1929 1015 1990 1197 1923 1132 1224 1908 1431 1430 1057 1307 1574 1898 1830 1150 1889 1956 1178 1509 1201 1634 1517 1749 1467 1936 1618 1921 1550 1101 1475 1137 1418 BCNSPRNW ULIB Ver.6.0+V

เปลี่ยนเป็นภาษาไทย

Change to English
 แสดงรายละเอียดบรรณานุกรม
  กลับหน้าหลัก

Brief Record : Get Marc (ISO 2709) : E-mail record : QR code < ปิดหน้าต่าง
LEADER : 00000nam 2200000uu 4500
001    13399125859
003     ULIB
008    020711s2016 th a 000 0 eng d
020    ^a9780826128171
060    ^aWY128^bS-P
100    ^aSipes, Carolyn.
245    ^aProject management for the advanced practice nurse/^bSipes, Carolyn.
260    ^aNew York :^bSpringer Publishing Company,^c2016
300    ^a168 pages;^c22 cm
650    ^aAdvanced Practice Nursing-organization
650  0 ^aPlanning Technique
650  0 ^aProgram Development
945    ^p2176^l0^i003241
999    ^aประนอม เกษจรัล
รายการนี้ยังไม่มีแท็ก
คุณยังไม่ได้ล็อกอิน คุณสามารถมีกิจกรรมร่วมกับเว็บไซต์ได้ แต่ต้องล็อกอินก่อน ::
  ล็อกอิน

รายการสื่อสารสนเทศ

ลำดับที่ ประเภท เลขเรียก/บาร์โค้ด สถานที่ สถานะ
1. วิทยาศาสตร์การแพทย์ และสุขภาพ
หนังสือสำรอง
สถานะ=หนังสือสำรอง
WY128 S-P ฉ.1 
  Barcode: 003241
ห้องสมุดวิทยาเขตสวรรค์ประชารักษ์
►หนังสือทั่วไป
บนชั้น

รายการใกล้เคียง
    หัวเรื่อง [Program Development]

BibComment


ยังไม่เคยถูกคอมเมนท์

คอมเมนท์ทรัพยากรรายการนี้
  คอมเมนท์: Project manageme..


 Copyright 2026. Bcnsprnw @Library